000 01155nam a2200289 i 4500
001 bg
100 1 _aKERZNER, Harold
245 1 0 _aZarządzanie projektami :
_bstudium przypadków : projekty z różnych dziedzin gospodarki, najlepsze praktyki zarządzania projektami, przykłady pułapek czyhających na kierowników projektów /
_cHarold Kerzner ; [tł. Jarosław Dobrzański, Sławomir Dzieniszewski].
246 _iTyt. oryg.:
_aProject management case studies
260 _aGliwice :
_b"Helion",
_ccop. 2005.
300 _a391 s. :
_bmapy, rys. ;
_c24 cm.
500 _aTyt. oryg.: "Project management case studies".
504 _aIndeks.
650 9 _aZarządzanie projektami
655 _aPodręczniki akademickie
700 1 _aDOBRZAŃSKI, Jarosław.
_eTł.
700 1 _aDZIENISZEWSKI, Sławomir.
_eTł.
015 _aPB 13135/2005
020 _a8373616586
040 _cBPK
041 1 _apol
_heng
080 _a658.1/.5.012.2/.4(07)
920 _a83-7361-658-6
942 _cKS
008 s pl f |000 0 pol
999 _c46299
_d46299
856 _uhttp://koha.tu.koszalin.pl/cgi-bin/koha/opac-detail.pl?biblionumber=46299
_yKatalog online BPK